000 00936nam a2200289Ia 4500
003 OSt
005 20260409143130.0
008 210210b2005 xxu||||| |||| 00| 0 eng d
040 _cAL
041 _aHindi
082 _aH891.309 ANTK
100 _aANTAREDDY (Sulochan)
_dअंतारेड्डी (सुलोचन)
_9261121
245 _aKrishna sobti ke upanyaso me pratibhimbhit nari jivan
_bकृष्णा सोबती के उपन्यासों में प्रतिभिम्बित नारी जीवन
260 _aKanpur
_bAman Prakashan
_c2005
300 _a216
650 _aupanyaso
_9261122
650 _asobti
_9261123
650 _apratibhimbhit
_9261124
650 _anari
_9261125
650 _ame
_9261126
650 _aKrishna
_9261127
650 _ake
_9261128
650 _ajivan
_9261129
690 _aHindi Criticism
_9261130
906 _a063527
942 _2ddc
_cBK
999 _c136848
_d136848